Catálogo público

Embriología veterinaria : constitución y organización de la forma animal durante el desarrollo / (Record no. 169879)

MARC details
000 -CABECERA
campo de control de longitud fija 01254nam a2200349Ia 4500
001 - NÚMERO DE CONTROL
campo de control Z_6608
003 - IDENTIFICADOR DEL NÚMERO DE CONTROL
campo de control CHAP
008 - DATOS DE LONGITUD FIJA--INFORMACIÓN GENERAL
campo de control de longitud fija 220113s9999 xx 000 0 und d
010 ## - NÚMERO DE CONTROL DE LA BIBLIOTECA DEL CONGRESO
Número de control de LC 169879
020 ## - NÚMERO INTERNACIONAL ESTÁNDAR DEL LIBRO
Número Internacional Estándar del Libro 978-84-15876-16-8
040 ## - FUENTE DE LA CATALOGACIÓN
Centro/agencia transcriptor CHAP
082 ## - NÚMERO DE LA CLASIFICACIÓN DECIMAL DEWEY
Número de clasificación 636.08901 S25
100 ## - ENTRADA PRINCIPAL--NOMBRE DE PERSONA
Nombre de persona Salazar Beloqui, Ignacio
9 (RLIN) 145349
245 ## - MENCIÓN DE TÍTULO
Título Embriología veterinaria : constitución y organización de la forma animal durante el desarrollo /
Mención de responsabilidad, etc. Ignacio Salazar Beloqui
260 ## - PUBLICACIÓN, DISTRIBUCIÓN, ETC.
Lugar de publicación, distribución, etc. España :
Nombre del editor, distribuidor, etc. Universidade de Santiago de Compostela, Servizo de Publicacións e Intercambio Científico,
Fecha de publicación, distribución, etc.
300 ## - DESCRIPCIÓN FÍSICA
Extensión 281 p.
500 ## - NOTA GENERAL
Nota general Diseño de cubierta de CD: Ildefonso Vidal Ocampo \ El contenido del CD consiste en dos vídeos y un conjunto de 56 imágenes.
503 ## - NOTA DE HISTORIA BIBLIOGRÁFICA (BK CF MU) [OBSOLETO]
Nota de historia bibliográfica ej.1: consumo
504 ## - NOTA DE BIBLIOGRAFÍA, ETC.
Nota de bibliografía, etc. Bibliografía: p. 271 - 272, Incluye índice
650 ## - PUNTO DE ACCESO ADICIONAL DE MATERIA--TÉRMINO DE MATERIA
Término de materia o nombre geográfico como elemento de entrada Animales
Subdivisión general
-- Anantomía y Fisiología
9 (RLIN) 143816
650 ## - PUNTO DE ACCESO ADICIONAL DE MATERIA--TÉRMINO DE MATERIA
Término de materia o nombre geográfico como elemento de entrada Animales
Subdivisión general
-- Reproducción
9 (RLIN) 145350
650 ## - PUNTO DE ACCESO ADICIONAL DE MATERIA--TÉRMINO DE MATERIA
Término de materia o nombre geográfico como elemento de entrada Embriología veterinaria
9 (RLIN) 145351
650 ## - PUNTO DE ACCESO ADICIONAL DE MATERIA--TÉRMINO DE MATERIA
Término de materia o nombre geográfico como elemento de entrada Embrión (Animal)
9 (RLIN) 145352
650 ## - PUNTO DE ACCESO ADICIONAL DE MATERIA--TÉRMINO DE MATERIA
Término de materia o nombre geográfico como elemento de entrada Estructuras embrionarias
9 (RLIN) 145353
650 ## - PUNTO DE ACCESO ADICIONAL DE MATERIA--TÉRMINO DE MATERIA
Término de materia o nombre geográfico como elemento de entrada Morfología
Subdivisión general
-- AnimaL
9 (RLIN) 145354
901 ## - ELEMENTOS DE DATOS A LOCAL LDA (RLIN)
a 636.08901 S25
902 ## - ELEMENTOS DE DATOS B LOCAL, LDB (RLIN)
a M
910 ## - DATOS DE OPCIÓN DEL USUARIO (OCLC)
Datos de opción del usuario
942 ## - ELEMENTOS DE PUNTO DE ACCESO ADICIONAL (KOHA)
Tipo de ítem Koha Libro_
942 ## - ELEMENTOS DE PUNTO DE ACCESO ADICIONAL (KOHA)
Tipo de ítem Koha
Holdings
Estado de retiro Estado de pérdida Fuente del sistema de clasificación o colocación Estado dañado No para préstamo Código de colección Localización permanente Ubicación/localización actual Ubicación en estantería Fecha de adquisición Información codificada de la localización en otra ubicación Total de préstamos Código de barras Fecha visto por última vez Fecha del último préstamo Número de copia Precio válido a partir de Tipo de ítem Koha
    Dewey Decimal Classification     General Zootecnia Zootecnia   14/07/2015 1 1 z_6454 05/11/2025 05/11/2025 1 18/01/2022 Libro
    Dewey Decimal Classification     General Zootecnia Zootecnia   02/09/2015 1   z_6484 18/01/2022   2 18/01/2022 Libro
    Dewey Decimal Classification     General Zootecnia Zootecnia   03/09/2015 1   z_6485 18/01/2022   3 18/01/2022 Libro
    Dewey Decimal Classification     General Zootecnia Zootecnia   03/09/2015 1   z_6486 18/01/2022   4 18/01/2022 Libro